LEADER 04714nam 2200685 a 450 001 9910451743103321 005 20200520144314.0 010 $a1-59385-683-0 010 $a1-281-12387-0 010 $a9786611123871 010 $a1-4294-5696-5 035 $a(CKB)1000000000470835 035 $a(EBL)330532 035 $a(OCoLC)648337784 035 $a(SSID)ssj0000099739 035 $a(PQKBManifestationID)12026631 035 $a(PQKBTitleCode)TC0000099739 035 $a(PQKBWorkID)10019965 035 $a(PQKB)11740335 035 $a(MiAaPQ)EBC330532 035 $a(Au-PeEL)EBL330532 035 $a(CaPaEBR)ebr10210586 035 $a(CaONFJC)MIL112387 035 $a(EXLCZ)991000000000470835 100 $a20050308d2005 uy 0 101 0 $aeng 135 $aur|n|---||||| 181 $ctxt 182 $cc 183 $acr 200 00$aAfrican American family life$b[electronic resource] $eecological and cultural diversity /$fedited by Vonnie C. McLoyd, Nancy E. Hill, Kenneth A. Dodge 210 $aNew York $cGuilford Press$d2005 215 $a1 online resource (366 p.) 225 1 $aDuke series in child development and public policy 300 $aDescription based upon print version of record. 311 $a1-57230-995-4 320 $aIncludes bibliographical references and index. 327 $aPart I: Emergent issues, themes, and conceptualizations -- Introduction: Context, adaptation, and policy / Vonnie C. McLoyd, Kenneth A. Dodge, and Nancy E. Hill -- Sociocultural contexts of African American families / Nancy E. Hill, Velma McBride Murry, and Valerie D. Anderson -- Trends in African-American child well-being, 1985-2001 / Vicki L. Lamb, Kenneth C. Land, Sarah 0. Meadows, and Fasaha Traylor -- Racial wealth inequality and the Black family / William A. Darity, Jr. and Melba J. Nicholson -- New families, new functions : postmodern African American families in context / Belinda Tucker and Angela D. James -- Part II: African-American families in community contexts -- Marital relationships of African Americans : a contextual approach / Chalandra Bryant and K. A. S. Wickrama -- Work and African American family life / Vonnie C. McLoyd and Noemi Enchautegui-de-Jesus -- Homeplace and housing in the lives of low-income urban African-American families / Linda M. Burton and Sherri Lawson Clark -- Religion in African American family life / Jacqueline S. Mattis -- A model of extended family support : care of the elderly in African American families / Peggye Dilworth-Anderson and Paula Y. Goodwin -- Part II: Socialization processes in African American families -- Family practices and school performance of African American children / Oscar Barbarin, Terry McCandies, Cheri Coleman, and Nancy Hill -- The cultural context of physically disciplining children / Kenneth A. Dodge, Vonnie C. McLoyd, and Jennifer E. Lansford -- African American families as a context for racial socialization / Stephanie M. Coard and Robert M. Sellers -- Beyond the birth family : African American children reared by alternative caregivers / Ellen E. Pinderhughes and Brenda Jones Harden -- Style matters : towards a culturally relevant framework for interventions with African American families / Howard Stevenson, Donna-Marie Winn, Chanequa Walker-Bames, and Stephanie M. Coard. 330 $aThis volume brings together leading experts from different disciplines to offer new perspectives on contemporary African American families. A wealth of knowledge is presented on the heterogeneity of Black family life today; the challenges and opportunities facing parents, children, and communities; and the impact on health and development of key cultural and social processes. Comprehensive and authoritative, the book critically evaluates current policies and service delivery models and offers cogent recommendations for supporting families' strengths. 410 0$aDuke series in child development and public policy. 606 $aAfrican American families 606 $aAfrican Americans$xSocial conditions 606 $aAfrican Americans$xSocialization 606 $aCommunity life$zUnited States 608 $aElectronic books. 615 0$aAfrican American families. 615 0$aAfrican Americans$xSocial conditions. 615 0$aAfrican Americans$xSocialization. 615 0$aCommunity life 676 $a306.85/089/96073 701 $aMcLoyd$b Vonnie C$0900755 701 $aHill$b Nancy E$0900756 701 $aDodge$b Kenneth A$0900757 801 0$bMiAaPQ 801 1$bMiAaPQ 801 2$bMiAaPQ 906 $aBOOK 912 $a9910451743103321 996 $aAfrican American family life$92013143 997 $aUNINA LEADER 02224nas 2200661-a 450 001 996214109403316 005 20230312213022.0 011 $a1460-6984 035 $a(OCoLC)39266544 035 $a(CKB)954925256175 035 $a(CONSER)---00238744- 035 $a(DE-599)ZDB1485082-5 035 $a(EXLCZ)99954925256175 100 $a19980610a19989999 s-- - 101 0 $aeng 135 $aurmnu|||||||| 181 $ctxt$2rdacontent 182 $cc$2rdamedia 183 $acr$2rdacarrier 200 10$aInternational journal of language & communication disorders 210 $a[London] $cTaylor & Francis$d1998- 210 3 $a[London] $cInforma healthcare 300 $aRefereed/Peer-reviewed 300 $aTitle from contents screen (viewed Aug. 31, 2000). 311 $a1368-2822 517 3 $aInternational journal of language and communication disorders 531 $aINTERNATIONAL JOURNAL OF LANGUAGE AND COMMUNICATION DISORDERS 531 $aINT J LANG COMM DIS 531 $aINT J LANG COMMUN DISORD 531 $aHTTP 531 $aINT. J. LANG. COMMUN. DISORD 606 $aCommunicative disorders$vPeriodicals 606 $aSpeech therapy$vPeriodicals 606 $aSpeech disorders$vPeriodicals 606 $aLanguage disorders$vPeriodicals 606 $aCommunication Disorders 606 $aCommunicative disorders$2fast$3(OCoLC)fst00870370 606 $aLanguage disorders$2fast$3(OCoLC)fst00992363 606 $aSpeech disorders$2fast$3(OCoLC)fst01129193 606 $aSpeech therapy$2fast$3(OCoLC)fst01129277 608 $aPeriodical. 608 $aPeriodicals.$2fast 610 $aNeurology 615 0$aCommunicative disorders 615 0$aSpeech therapy 615 0$aSpeech disorders 615 0$aLanguage disorders 615 02$aCommunication Disorders. 615 7$aCommunicative disorders. 615 7$aLanguage disorders. 615 7$aSpeech disorders. 615 7$aSpeech therapy. 676 $a362.196855 712 02$aRoyal College of Speech & Language Therapists. 906 $aJOURNAL 912 $a996214109403316 996 $aInternational journal of language & communication disorders$92182971 997 $aUNISA LEADER 01896nam 2200457 a 450 001 9910701011103321 005 20111121150542.0 035 $a(CKB)5470000002414930 035 $a(OCoLC)761731133 035 $a(EXLCZ)995470000002414930 100 $a20111121d1983 ua 0 101 0 $aeng 135 $aurbn||||||||| 181 $ctxt$2rdacontent 182 $cc$2rdamedia 183 $acr$2rdacarrier 200 00$aEstimating age of spotted and spinner dolphins (Stenella attenuata and Stenella longirostris) from teeth$b[electronic resource] /$fAlbert C. Myrick, Jr. ... [and others] 210 1$aLa Jolla, Calif. :$cU.S. Dept. of Commerce, National Oceanic and Atmospheric Administration, National Marine Fisheries Service, Southwest Fisheries Center,$d1983. 215 $a1 online resource (23 unnumbered pages) $cillustrations 225 1 $aNOAA technical memorandum NMFS SWFC ;$v30 300 $aTitle from title screen (viewed on Nov. 21, 2011). 300 $a"NOAA-TM-NMFS-SWFC-30." 320 $aIncludes bibliographical references. 517 $aEstimating age of spotted and spinner dolphins 606 $aDolphins$xAge determination 606 $aStenella attenuata$xAge determination 606 $aStenella longirostris$xAge determination 606 $aTeeth 615 0$aDolphins$xAge determination. 615 0$aStenella attenuata$xAge determination. 615 0$aStenella longirostris$xAge determination. 615 0$aTeeth. 701 $aMyrick$b A. C$g(Albert C.)$01412480 712 02$aSouthwest Fisheries Center (U.S.) 712 02$aUnited States.$bNational Oceanic and Atmospheric Administration. 801 0$bGPO 801 1$bGPO 906 $aBOOK 912 $a9910701011103321 996 $aEstimating age of spotted and spinner dolphins (Stenella attenuata and Stenella longirostris) from teeth$93516857 997 $aUNINA